00480 2200169 4500001002100000008004100021035002000062245006400082100002000146260004100166300002600207020002200233084001600255082001000271650001700281990001200298INLIS000000000001446 Ind  a0010-0924000043 aEnsiklopedia Matematika dari Zaman ke ZamancYosep Supriadi aSupriadi, Yosep aJakartabPT Listafariska Putrac2014 a98 hlm.c17,5 x 25 cm a978-602-9232-34-9 a510.3 YOS e a510.3 aEnsiklopedia a0750968